MARC

LEADER 00000nam0a2200000 4500
001 362515
005 20231102011510.0
035 |a (RuTPU)RU\TPU\retro\19861 
090 |a 362515 
100 |a 20210728d1980 km y0rusy50 ca 
101 1 |a rus  |c spa 
102 |a RU 
105 |a a z 001zy 
200 1 |a Шедевры испанской живописи XVI-XIX веков. Из музея Прадо в Мадриде  |e каталог-выставки  |f Государственный Эрмитаж ; Государственный музей изобразительных искусств имени А.С. Пушкина ; пер. И. Б. Пруссе 
210 |a Москва  |c Советский художник  |d 1980 
215 |a 72 с.  |c ил. 
320 |a Библиогр.: с. 70-72 
606 1 |a Живопись  |2 stltpush  |3 (RuTPU)RU\TPU\subj\73461  |9 86457 
610 1 |a изобразительное искусство 
610 1 |a Испания 
610 1 |a испанская живопись 
610 1 |a история 
610 1 |a 16 век 
610 1 |a 17 век 
610 1 |a 18 век 
610 1 |a 19 век 
610 1 |a музейные экспозиции 
610 1 |a музейные коллекции 
610 1 |a Прадо 
675 |a 75  |v 4 
702 1 |a Пруссе  |b И. Б.  |4 730 
712 0 2 |a Государственный Эрмитаж  |2 stltpush  |3 (RuTPU)RU\TPU\col\5345  |9 24087 
712 0 2 |a Государственный музей изобразительных искусств имени А.С. Пушкина  |c (г. Москва)  |2 stltpush  |3 (RuTPU)RU\TPU\col\5321  |9 24079 
801 1 |a RU  |b 63413507  |c 20210728 
942 |c BK